Statistics for Biggest Islands in the Western Hemisphere with Exceptions

Click here to take the quiz!

General Stats

  • This quiz has been taken 58 times
  • The average score is 7 of 23

Answer Stats

Area in km²Island% Correct
105,806Cuba
91%
2,130,800Greenland
80%
11,190Jamaica
76%
73,929Hispaniola
74%
101,826Iceland
70%
9,100Puerto Rico
67%
5,009Trinidad
63%
10,434Hawai'i
52%
84,421Ireland
52%
47,401Tierra del Fuego
30%
7,040East Falkland
22%
9,310Kodiak
20%
40,100Marajó
15%
8,478Chiloé
9%
20,000Bananal
7%
8,612Qeqertarsuaq (Disko)
4%
6,675Prince of Wales
4%
5,135St. Lawrence
4%
5,556Wellington
2%
5,388Chichagof
2%
7,700Tupinambarana
0%
5,110Riesco
0%
5,000Caviana
0%

Score Distribution

Percentile by Number Answered

Percent of People with Each Score

Your Score History

You have not taken this quiz